[Event "Blitz 2018"]
[Site "Saint-Petersburg"]
[Date "2018.12.29"]
[Round "12"]
[Board "31"]
[White "Jakovenko Dmitry (RUS)"]
[Black "Vokhidov Shamsiddin (UZB)"]
[Result "1-0"]
[LiveChessVersion "1.4.8"]
[BlackElo "2414"]
[WhiteElo "2616"]

1. Nf3 {[%clk 0:03:03]} Nf6 {[%clk 0:03:03]} 2. c4 {[%clk 0:03:04]} c5
{[%clk 0:03:04]} 3. Nc3 {[%clk 0:03:05]} Nc6 {[%clk 0:03:05]} 4. g3
{[%clk 0:03:06]} g6 {[%clk 0:03:06]} 5. Bg2 {[%clk 0:03:06]} d5 {[%clk 0:03:07]}
6. d4 {[%clk 0:03:00]} Bg7 {[%clk 0:02:50]} 7. O-O {[%clk 0:02:36]} dxc4
{[%clk 0:02:41]} 8. d5 {[%clk 0:02:09]} Nb4 {[%clk 0:02:42]} 9. Ne1
{[%clk 0:01:53]} e6 {[%clk 0:02:39]} 10. e4 {[%clk 0:01:46]} exd5
{[%clk 0:02:38]} 11. exd5 {[%clk 0:01:47]} Bf5 {[%clk 0:02:27]} 12. Qe2+
{[%clk 0:01:40]} Qe7 {[%clk 0:02:23]} 13. Qxc4 {[%clk 0:01:40]} O-O
{[%clk 0:02:21]} 14. Be3 {[%clk 0:01:33]} Rac8 {[%clk 0:02:07]} 15. a3
{[%clk 0:01:28]} Ng4 {[%clk 0:01:58]} 16. Bf4 {[%clk 0:01:19]} Ne5
{[%clk 0:01:55]} 17. Bxe5 {[%clk 0:01:01]} Bxe5 {[%clk 0:01:56]} 18. Qe2
{[%clk 0:00:44]} Na6 {[%clk 0:01:52]} 19. Nb5 {[%clk 0:00:30]} c4
{[%clk 0:01:48]} 20. Nf3 {[%clk 0:00:28]} Bf6 {[%clk 0:01:36]} 21. Qxe7
{[%clk 0:00:28]} Bxe7 {[%clk 0:01:37]} 22. Nxa7 {[%clk 0:00:25]} Rc5
{[%clk 0:01:37]} 23. Nd4 {[%clk 0:00:24]} Bd7 {[%clk 0:01:38]} 24. b4
{[%clk 0:00:20]} cxb3 {[%clk 0:01:35]} 25. Nxb3 {[%clk 0:00:21]} Rc3
{[%clk 0:01:35]} 26. Nd4 {[%clk 0:00:22]} Bc5 {[%clk 0:01:30]} 27. Nab5
{[%clk 0:00:20]} Rc4 {[%clk 0:01:29]} 28. Rfd1 {[%clk 0:00:13]} Re8
{[%clk 0:01:25]} 29. Bf1 {[%clk 0:00:14]} Ra4 {[%clk 0:01:26]} 30. d6
{[%clk 0:00:13]} Re4 {[%clk 0:01:24]} 31. Nb3 {[%clk 0:00:12]} Bb6
{[%clk 0:01:21]} 32. Nc3 {[%clk 0:00:14]} Re8 {[%clk 0:01:11]} 33. Nxa4
{[%clk 0:00:15]} Bxa4 {[%clk 0:01:13]} 34. Rd3 {[%clk 0:00:16]} Kf8
{[%clk 0:01:09]} 35. Rb1 {[%clk 0:00:17]} Bd7 {[%clk 0:01:05]} 36. Nd4
{[%clk 0:00:17]} Bc5 {[%clk 0:00:57]} 37. Rxb7 {[%clk 0:00:18]} Bg4
{[%clk 0:00:54]} 38. h3 {[%clk 0:00:19]} Bc8 {[%clk 0:00:55]} 39. d7
{[%clk 0:00:18]} Bxb7 {[%clk 0:00:56]} 40. dxe8=Q+ {[%clk 0:00:18]} Kxe8
{[%clk 0:00:57]} 41. Re3+ {[%clk 0:00:17]} Kf8 {[%clk 0:00:57]} 42. Rd3
{[%clk 0:00:14]} Be4 {[%clk 0:00:55]} 43. Rd1 {[%clk 0:00:15]} Nc7
{[%clk 0:00:56]} 44. a4 {[%clk 0:00:15]} Nd5 {[%clk 0:00:56]} 45. Nb5
{[%clk 0:00:15]} Bb6 {[%clk 0:00:53]} 46. Bg2 {[%clk 0:00:16]} Bxg2
{[%clk 0:00:46]} 47. Kxg2 {[%clk 0:00:17]} Ne7 {[%clk 0:00:45]} 48. Rd6
{[%clk 0:00:18]} Ba5 {[%clk 0:00:46]} 49. Ra6 {[%clk 0:00:19]} Bb4
{[%clk 0:00:48]} 50. a5 {[%clk 0:00:20]} Nd5 {[%clk 0:00:47]} 51. Ra8+
{[%clk 0:00:20]} Ke7 {[%clk 0:00:49]} 52. a6 {[%clk 0:00:22]} Kd7
{[%clk 0:00:50]} 53. a7 {[%clk 0:00:22]} Nb6 {[%clk 0:00:49]} 54. Rb8
{[%clk 0:00:23]} 1-0

[Event "Blitz 2018"]
[Site "Saint-Petersburg"]
[Date "2018.12.29"]
[Round "12"]
[Board "32"]
[White "Tsoi Dmitry (RUS)"]
[Black "Sarana Alexey (RUS)"]
[Result "0-1"]
[LiveChessVersion "1.4.8"]
[BlackElo "2616"]
[WhiteElo "2387"]

1. e4 c5 2. Be2 {[%clk 0:03:04]} Nc6 {[%clk 0:03:04]} 3. f4 {[%clk 0:03:05]} g6
{[%clk 0:03:05]} 4. Nf3 {[%clk 0:03:07]} Bg7 {[%clk 0:03:06]} 5. d3
{[%clk 0:03:07]} d5 {[%clk 0:03:03]} 6. O-O {[%clk 0:03:06]} e6 {[%clk 0:03:04]}
7. Nbd2 {[%clk 0:03:05]} Nge7 {[%clk 0:03:04]} 8. c3 {[%clk 0:02:59]} b5
{[%clk 0:03:04]} 9. Nb3 {[%clk 0:02:30]} c4 {[%clk 0:02:45]} 10. dxc4
{[%clk 0:02:31]} bxc4 {[%clk 0:02:19]} 11. exd5 {[%clk 0:02:31]} Qb6+
{[%clk 0:02:08]} 12. Kh1 {[%clk 0:02:32]} exd5 {[%clk 0:02:02]} 13. Nbd4
{[%clk 0:01:58]} O-O {[%clk 0:02:02]} 14. Nc2 {[%clk 0:01:54]} Bf5
{[%clk 0:02:01]} 15. Ne3 {[%clk 0:01:32]} Be4 {[%clk 0:01:59]} 16. Ng5
{[%clk 0:01:29]} f5 {[%clk 0:01:51]} 17. Nxe4 {[%clk 0:01:28]} dxe4
{[%clk 0:01:48]} 18. Nxc4 {[%clk 0:01:23]} Qc7 {[%clk 0:01:43]} 19. Qc2
{[%clk 0:01:15]} Nd5 {[%clk 0:01:42]} 20. Bd2 {[%clk 0:01:06]} Rad8
{[%clk 0:01:40]} 21. Rad1 {[%clk 0:01:06]} Ndb4 {[%clk 0:01:27]} 22. Qb3
{[%clk 0:00:43]} Nd3 {[%clk 0:01:27]} 23. Ne5+ {[%clk 0:00:35]} Kh8
{[%clk 0:01:28]} 24. Nxd3 {[%clk 0:00:36]} exd3 {[%clk 0:01:29]} 25. Bf3
{[%clk 0:00:37]} Na5 {[%clk 0:01:30]} 26. Qb5 {[%clk 0:00:14]} Nc4
{[%clk 0:01:30]} 27. b3 {[%clk 0:00:10]} Nxd2 {[%clk 0:00:59]} 28. Rxd2
{[%clk 0:00:11]} Qxc3 {[%clk 0:00:59]} 29. Rfd1 {[%clk 0:00:11]} Rfe8
{[%clk 0:01:01]} 30. h3 {[%clk 0:00:06]} Re3 {[%clk 0:00:58]} 31. Kh2
{[%clk 0:00:06]} Bh6 {[%clk 0:00:58]} 32. Kh1 {[%clk 0:00:04]} Bxf4
{[%clk 0:00:58]} 33. Qc4 {[%clk 0:00:04]} Qxd2 {[%clk 0:00:53]} 34. Qxf4
{[%clk 0:00:04]} Re1+ {[%clk 0:00:54]} 0-1

[Event "Blitz 2018"]
[Site "Saint-Petersburg"]
[Date "2018.12.29"]
[Round "12"]
[Board "33"]
[White "Popov Ivan (RUS)"]
[Black "Sjugirov Sanan (RUS)"]
[Result "0-1"]
[LiveChessVersion "1.4.8"]
[BlackElo "2748"]
[WhiteElo "2560"]

1. e4 {[%clk 0:03:03]} g6 {[%clk 0:03:02]} 2. d4 {[%clk 0:03:04]} Bg7
{[%clk 0:03:03]} 3. Nc3 {[%clk 0:03:04]} a6 {[%clk 0:02:59]} 4. f4
{[%clk 0:03:03]} b5 {[%clk 0:02:57]} 5. Nf3 {[%clk 0:03:03]} d6 {[%clk 0:02:57]}
6. Bd3 {[%clk 0:03:00]} Bb7 {[%clk 0:02:54]} 7. Be3 {[%clk 0:02:49]} Nd7
{[%clk 0:02:54]} 8. e5 {[%clk 0:02:49]} e6 {[%clk 0:02:49]} 9. Ne4
{[%clk 0:02:27]} Bxe4 {[%clk 0:02:35]} 10. Bxe4 {[%clk 0:02:28]} d5
{[%clk 0:02:37]} 11. Bd3 {[%clk 0:02:29]} Qe7 {[%clk 0:02:16]} 12. a4
{[%clk 0:02:06]} b4 {[%clk 0:02:16]} 13. Qe2 {[%clk 0:02:03]} a5 {[%clk 0:02:16]}
14. c4 {[%clk 0:01:56]} bxc3 {[%clk 0:01:56]} 15. bxc3 {[%clk 0:01:57]} Nh6
{[%clk 0:01:56]} 16. O-O {[%clk 0:01:44]} O-O {[%clk 0:01:56]} 17. Bc1
{[%clk 0:01:39]} Rfb8 {[%clk 0:01:54]} 18. Ba3 {[%clk 0:01:38]} Qd8
{[%clk 0:01:55]} 19. Bb5 {[%clk 0:01:35]} Bf8 {[%clk 0:01:55]} 20. Bxf8
{[%clk 0:01:31]} Nxf8 {[%clk 0:01:47]} 21. Rab1 {[%clk 0:01:29]} Rb6
{[%clk 0:01:39]} 22. Bd3 {[%clk 0:01:26]} Rab8 {[%clk 0:01:38]} 23. Rxb6
{[%clk 0:01:26]} Rxb6 {[%clk 0:01:28]} 24. Rb1 {[%clk 0:01:27]} Qb8
{[%clk 0:01:29]} 25. Rb5 {[%clk 0:01:24]} Rxb5 {[%clk 0:01:25]} 26. Bxb5
{[%clk 0:01:18]} Qb6 {[%clk 0:01:25]} 27. c4 {[%clk 0:00:57]} c5 {[%clk 0:01:22]}
28. Qf2 {[%clk 0:00:43]} cxd4 {[%clk 0:00:45]} 29. Qxd4 {[%clk 0:00:44]} Qc7
{[%clk 0:00:47]} 30. c5 {[%clk 0:00:38]} Nf5 {[%clk 0:00:44]} 31. Qc3
{[%clk 0:00:39]} Nd7 {[%clk 0:00:40]} 32. Bxd7 {[%clk 0:00:38]} Qxd7
{[%clk 0:00:41]} 33. c6 {[%clk 0:00:39]} Qa7+ {[%clk 0:00:42]} 34. Kf1
{[%clk 0:00:37]} Ne3+ {[%clk 0:00:32]} 35. Ke2 {[%clk 0:00:38]} Nc4
{[%clk 0:00:33]} 36. Nd2 {[%clk 0:00:39]} Qc5 {[%clk 0:00:30]} 37. Nxc4
{[%clk 0:00:15]} dxc4 {[%clk 0:00:31]} 38. Kd1 {[%clk 0:00:10]} Kg7
{[%clk 0:00:25]} 39. Kc2 {[%clk 0:00:08]} Qxc6 {[%clk 0:00:23]} 40. Qxa5
{[%clk 0:00:09]} Qe4+ {[%clk 0:00:23]} 41. Kb2 {[%clk 0:00:07]} Qe2+
{[%clk 0:00:22]} 42. Kb1 {[%clk 0:00:08]} Qd3+ {[%clk 0:00:18]} 43. Kb2
{[%clk 0:00:06]} Qb3+ {[%clk 0:00:06]} 44. Kc1 {[%clk 0:00:07]} c3 45. Qb5 Qa2
{[%clk 0:00:08]} 46. Qd3 {[%clk 0:00:04]} Qa1+ {[%clk 0:00:06]} 47. Kc2
{[%clk 0:00:05]} Qxa4+ {[%clk 0:00:06]} 48. Kxc3 {[%clk 0:00:06]} Qxf4
{[%clk 0:00:06]} 49. Qe2 {[%clk 0:00:04]} Qxh2 {[%clk 0:00:06]} 50. Qe4
{[%clk 0:00:05]} Qg3+ {[%clk 0:00:06]} 51. Kd4 {[%clk 0:00:06]} h5
{[%clk 0:00:06]} 52. Qa8 {[%clk 0:00:05]} Qf4+ {[%clk 0:00:07]} 0-1

[Event "Blitz 2018"]
[Site "Saint-Petersburg"]
[Date "2018.12.29"]
[Round "12"]
[Board "34"]
[White "Petrosian Tigran L. (ARM)"]
[Black "Mikhalevski Victor (ISR)"]
[Result "1-0"]
[LiveChessVersion "1.4.8"]
[BlackElo "2521"]
[WhiteElo "2700"]

1. Nf3 {[%clk 0:03:03]} Nf6 {[%clk 0:03:03]} 2. g3 {[%clk 0:03:05]} g6
{[%clk 0:03:02]} 3. Bg2 {[%clk 0:03:06]} Bg7 {[%clk 0:03:03]} 4. O-O
{[%clk 0:03:07]} O-O {[%clk 0:03:03]} 5. d3 {[%clk 0:03:08]} d5 {[%clk 0:03:02]}
6. Nbd2 {[%clk 0:03:09]} b6 {[%clk 0:03:01]} 7. e4 {[%clk 0:03:10]} dxe4
{[%clk 0:02:57]} 8. Ng5 {[%clk 0:03:11]} Bb7 {[%clk 0:02:56]} 9. Ngxe4
{[%clk 0:03:12]} Qc8 {[%clk 0:02:56]} 10. Nxf6+ {[%clk 0:03:05]} Bxf6
{[%clk 0:02:56]} 11. Ne4 {[%clk 0:03:03]} Bg7 {[%clk 0:02:56]} 12. Re1
{[%clk 0:03:01]} c5 {[%clk 0:02:52]} 13. h4 {[%clk 0:02:57]} Nc6 {[%clk 0:02:48]}
14. h5 {[%clk 0:02:58]} Nd4 {[%clk 0:02:42]} 15. c3 {[%clk 0:02:59]} Nc6
{[%clk 0:02:35]} 16. Bf4 {[%clk 0:02:39]} Qd7 {[%clk 0:02:32]} 17. Qe2
{[%clk 0:02:38]} Rad8 {[%clk 0:02:29]} 18. Rad1 {[%clk 0:02:39]} Ba6
{[%clk 0:02:25]} 19. Qf3 {[%clk 0:02:31]} Bb7 {[%clk 0:02:21]} 20. Qe3
{[%clk 0:02:15]} f5 {[%clk 0:01:59]} 21. h6 {[%clk 0:01:31]} Bh8 {[%clk 0:01:52]}
22. Nd2 {[%clk 0:01:33]} e5 {[%clk 0:01:51]} 23. Bg5 {[%clk 0:01:34]} Rde8
{[%clk 0:01:51]} 24. Nc4 {[%clk 0:01:32]} Ba8 {[%clk 0:00:54]} 25. f4
{[%clk 0:01:22]} Qe6 {[%clk 0:00:41]} 26. fxe5 {[%clk 0:01:15]} b5
{[%clk 0:00:31]} 27. Qxc5 {[%clk 0:01:10]} Ne7 {[%clk 0:00:23]} 28. Bxa8
{[%clk 0:01:09]} Rxa8 {[%clk 0:00:21]} 29. Qxe7 {[%clk 0:01:02]} Qxe7
{[%clk 0:00:19]} 30. Bxe7 {[%clk 0:01:03]} Rfe8 {[%clk 0:00:21]} 31. Nd6
{[%clk 0:00:44]} Rxe7 {[%clk 0:00:21]} 32. d4 {[%clk 0:00:45]} a6
{[%clk 0:00:17]} 33. a4 {[%clk 0:00:41]} Rb8 {[%clk 0:00:10]} 34. axb5
{[%clk 0:00:42]} axb5 {[%clk 0:00:11]} 35. Ra1 {[%clk 0:00:43]} Re6
{[%clk 0:00:07]} 36. Ra7 {[%clk 0:00:40]} Bf6 {[%clk 0:00:06]} 37. Kf2
{[%clk 0:00:37]} Be7 {[%clk 0:00:05]} 38. Rea1 {[%clk 0:00:35]} 1-0

[Event "Blitz 2018"]
[Site "Saint-Petersburg"]
[Date "2018.12.29"]
[Round "12"]
[Board "37"]
[White "Potkin Vladimir (RUS)"]
[Black "Van Foreest Jorden (NED)"]
[Result "1-0"]
[LiveChessVersion "1.4.8"]
[BlackElo "2657"]
[WhiteElo "2494"]

1. Nf3 {[%clk 0:03:03]} d5 {[%clk 0:03:03]} 2. e3 {[%clk 0:03:04]} Nf6
{[%clk 0:03:03]} 3. c4 {[%clk 0:03:05]} e6 {[%clk 0:03:04]} 4. Nc3
{[%clk 0:03:05]} c5 {[%clk 0:03:04]} 5. d4 {[%clk 0:03:04]} dxc4 {[%clk 0:03:03]}
6. Bxc4 {[%clk 0:03:05]} Nc6 {[%clk 0:03:04]} 7. O-O {[%clk 0:03:04]} a6
{[%clk 0:03:04]} 8. Bb3 {[%clk 0:02:59]} b5 {[%clk 0:03:00]} 9. Qe2
{[%clk 0:02:58]} Bb7 {[%clk 0:02:58]} 10. Rd1 {[%clk 0:02:46]} Qc7
{[%clk 0:02:50]} 11. d5 {[%clk 0:02:13]} exd5 {[%clk 0:02:50]} 12. e4
{[%clk 0:02:14]} Bd6 {[%clk 0:02:04]} 13. e5 {[%clk 0:01:26]} Nxe5
{[%clk 0:02:03]} 14. Nxe5 {[%clk 0:01:26]} O-O {[%clk 0:01:30]} 15. Nxd5
{[%clk 0:01:23]} Bxd5 {[%clk 0:01:02]} 16. Bxd5 {[%clk 0:01:24]} Rae8
{[%clk 0:01:01]} 17. f4 {[%clk 0:01:23]} c4 {[%clk 0:00:36]} 18. Bf3
{[%clk 0:01:23]} Nd7 {[%clk 0:00:32]} 19. Qf2 {[%clk 0:01:01]} Nxe5
{[%clk 0:00:21]} 20. fxe5 {[%clk 0:01:02]} Bxe5 {[%clk 0:00:18]} 21. g3
{[%clk 0:00:59]} Bd6 {[%clk 0:00:17]} 22. Kh1 {[%clk 0:00:54]} Bc5
{[%clk 0:00:17]} 23. Qg2 {[%clk 0:00:53]} Bd6 {[%clk 0:00:14]} 24. Bd2
{[%clk 0:00:49]} Re7 {[%clk 0:00:13]} 25. Re1 {[%clk 0:00:48]} Rfe8
{[%clk 0:00:12]} 26. Rxe7 {[%clk 0:00:45]} Rxe7 {[%clk 0:00:10]} 27. Re1
{[%clk 0:00:42]} Be5 {[%clk 0:00:12]} 28. Bb4 {[%clk 0:00:40]} Bd6
{[%clk 0:00:08]} 29. Rxe7 {[%clk 0:00:38]} Bxe7 {[%clk 0:00:09]} 30. Bxe7
{[%clk 0:00:35]} Qxe7 {[%clk 0:00:11]} 31. Qe2 {[%clk 0:00:36]} Qd7
{[%clk 0:00:10]} 32. Qd1 {[%clk 0:00:33]} Qe7 {[%clk 0:00:10]} 33. Kg2
{[%clk 0:00:32]} g6 {[%clk 0:00:11]} 34. h4 {[%clk 0:00:32]} Qe5 {[%clk 0:00:12]}
35. Qe2 {[%clk 0:00:33]} Qd4 {[%clk 0:00:13]} 36. Qf2 {[%clk 0:00:28]} Qe5
{[%clk 0:00:14]} 37. Qd2 {[%clk 0:00:26]} Kg7 {[%clk 0:00:14]} 38. Qc3
{[%clk 0:00:25]} Kf6 {[%clk 0:00:12]} 39. Kf2 {[%clk 0:00:25]} a5
{[%clk 0:00:07]} 40. a3 {[%clk 0:00:24]} b4 {[%clk 0:00:03]} 41. axb4
{[%clk 0:00:25]} axb4 {[%clk 0:00:03]} 42. Qxb4 {[%clk 0:00:26]} Qd4+
{[%clk 0:00:04]} 43. Kg2 {[%clk 0:00:26]} Ke6 {[%clk 0:00:04]} 44. Qc3
{[%clk 0:00:23]} Qc5 {[%clk 0:00:05]} 45. b3 {[%clk 0:00:22]} Qa3
{[%clk 0:00:05]} 46. Qxc4+ {[%clk 0:00:22]} Ke7 {[%clk 0:00:07]} 47. b4
{[%clk 0:00:20]} Qb2+ {[%clk 0:00:08]} 48. Qe2+ {[%clk 0:00:22]} 1-0

[Event "Blitz 2018"]
[Site "Saint-Petersburg"]
[Date "2018.12.29"]
[Round "12"]
[Board "38"]
[White "Usmanov Vasily (RUS)"]
[Black "Bosiocic Marin (CRO)"]
[Result "0-1"]
[LiveChessVersion "1.4.8"]
[BlackElo "2653"]
[WhiteElo "2459"]

1. Nf3 {[%clk 0:03:03]} d6 {[%clk 0:03:02]} 2. d4 {[%clk 0:03:04]} g6
{[%clk 0:03:04]} 3. c4 {[%clk 0:03:03]} Nf6 {[%clk 0:03:02]} 4. Nc3
{[%clk 0:03:03]} Bf5 {[%clk 0:03:03]} 5. Ng5 {[%clk 0:02:55]} Bg7
{[%clk 0:02:56]} 6. e4 {[%clk 0:02:56]} Bg4 {[%clk 0:02:55]} 7. Be2
{[%clk 0:02:51]} Bxe2 {[%clk 0:02:53]} 8. Qxe2 {[%clk 0:02:51]} Nc6
{[%clk 0:02:53]} 9. Be3 {[%clk 0:02:35]} h6 {[%clk 0:02:54]} 10. d5
{[%clk 0:02:25]} Ne5 {[%clk 0:02:52]} 11. Nf3 {[%clk 0:02:21]} Nxf3+
{[%clk 0:02:52]} 12. Qxf3 {[%clk 0:02:21]} O-O {[%clk 0:02:50]} 13. O-O
{[%clk 0:02:21]} Nd7 {[%clk 0:02:48]} 14. Rac1 {[%clk 0:02:20]} c6
{[%clk 0:02:46]} 15. Rfd1 {[%clk 0:02:20]} Qa5 {[%clk 0:02:44]} 16. Qh3
{[%clk 0:02:13]} Ne5 {[%clk 0:02:44]} 17. Bxh6 {[%clk 0:02:11]} Nxc4
{[%clk 0:02:41]} 18. Bxg7 {[%clk 0:02:08]} Kxg7 {[%clk 0:02:42]} 19. b3
{[%clk 0:02:05]} Ne5 {[%clk 0:02:38]} 20. f4 {[%clk 0:02:00]} Rh8
{[%clk 0:02:38]} 21. Qg3 {[%clk 0:01:54]} Nd7 {[%clk 0:02:37]} 22. e5
{[%clk 0:01:51]} Rh5 {[%clk 0:02:18]} 23. exd6 {[%clk 0:01:47]} exd6
{[%clk 0:02:16]} 24. dxc6 {[%clk 0:01:46]} bxc6 {[%clk 0:02:15]} 25. Kh1
{[%clk 0:01:40]} d5 {[%clk 0:02:07]} 26. Na4 {[%clk 0:01:31]} Nf6
{[%clk 0:01:52]} 27. h3 {[%clk 0:01:15]} Ne4 {[%clk 0:01:46]} 28. Qe3
{[%clk 0:01:16]} Re8 {[%clk 0:00:51]} 29. Rxc6 {[%clk 0:01:09]} Qb5
{[%clk 0:00:45]} 30. Rc7 {[%clk 0:00:58]} Rf5 {[%clk 0:00:40]} 31. Kh2
{[%clk 0:00:55]} g5 {[%clk 0:00:33]} 32. fxg5 Qa6 33. Rxa7 {[%clk 0:00:16]} Qd6+
{[%clk 0:00:35]} 34. Kg1 {[%clk 0:00:17]} Re6 {[%clk 0:00:20]} 35. h4
{[%clk 0:00:17]} Ng3 {[%clk 0:00:20]} 36. Qd4+ {[%clk 0:00:12]} Kh7
{[%clk 0:00:21]} 37. Nc3 {[%clk 0:00:12]} Qc6 {[%clk 0:00:15]} 38. Kh2
{[%clk 0:00:11]} Qd6 {[%clk 0:00:15]} 39. Kg1 {[%clk 0:00:10]} Qc6
{[%clk 0:00:16]} 40. Kh2 {[%clk 0:00:09]} Qd6 {[%clk 0:00:16]} 41. Nb5
{[%clk 0:00:08]} Nf1+ {[%clk 0:00:16]} 42. Kh3 {[%clk 0:00:09]} Qg3#
{[%clk 0:00:16]} 0-1

[Event "Blitz 2018"]
[Site "Saint-Petersburg"]
[Date "2018.12.29"]
[Round "12"]
[Board "39"]
[White "Christiansen Johan-Sebastian (NOR)"]
[Black "Khanin Semen (RUS)"]
[Result "1-0"]
[LiveChessVersion "1.4.8"]
[BlackElo "2564"]
[WhiteElo "2635"]

1. e4 {[%clk 0:03:03]} e5 {[%clk 0:03:02]} 2. Nf3 {[%clk 0:03:05]} Nc6
{[%clk 0:03:03]} 3. Nc3 {[%clk 0:03:06]} Nf6 {[%clk 0:03:04]} 4. a3
{[%clk 0:03:07]} g6 {[%clk 0:02:58]} 5. Nxe5 {[%clk 0:03:03]} Nxe5
{[%clk 0:02:56]} 6. d4 {[%clk 0:03:04]} Nc6 {[%clk 0:02:54]} 7. d5
{[%clk 0:03:05]} Bg7 {[%clk 0:02:36]} 8. dxc6 {[%clk 0:03:06]} bxc6
{[%clk 0:02:36]} 9. Bd3 {[%clk 0:03:07]} O-O {[%clk 0:02:33]} 10. O-O
{[%clk 0:03:07]} d6 {[%clk 0:02:34]} 11. Bg5 {[%clk 0:03:08]} Re8
{[%clk 0:02:28]} 12. Qd2 {[%clk 0:03:08]} Bd7 {[%clk 0:02:23]} 13. Rfe1
{[%clk 0:03:09]} Qb8 {[%clk 0:02:17]} 14. Rab1 {[%clk 0:02:52]} Qb6
{[%clk 0:02:08]} 15. h3 {[%clk 0:02:51]} Rab8 {[%clk 0:02:04]} 16. Bh6
{[%clk 0:02:31]} Bh8 {[%clk 0:01:50]} 17. Bf1 {[%clk 0:02:31]} Qa5
{[%clk 0:01:44]} 18. Qd3 {[%clk 0:01:50]} Be6 {[%clk 0:01:31]} 19. Bd2
{[%clk 0:01:49]} Qb6 {[%clk 0:01:25]} 20. b4 {[%clk 0:01:33]} Nd7
{[%clk 0:01:17]} 21. Be3 {[%clk 0:01:18]} Qb7 {[%clk 0:01:18]} 22. Qd2
{[%clk 0:01:18]} Ne5 {[%clk 0:01:11]} 23. Bd4 {[%clk 0:01:18]} Nd7
{[%clk 0:00:40]} 24. Bxh8 {[%clk 0:01:17]} Kxh8 {[%clk 0:00:40]} 25. Ne2
{[%clk 0:01:09]} Kg7 {[%clk 0:00:29]} 26. Nf4 {[%clk 0:01:06]} f6
{[%clk 0:00:25]} 27. Qc3 {[%clk 0:00:54]} Bf7 {[%clk 0:00:25]} 28. h4
{[%clk 0:00:53]} Ne5 {[%clk 0:00:23]} 29. Ne2 {[%clk 0:00:46]} Qb6
{[%clk 0:00:17]} 30. h5 {[%clk 0:00:41]} Ng4 {[%clk 0:00:16]} 31. Qf3
{[%clk 0:00:31]} Rxe4 {[%clk 0:00:16]} 32. Ng3 {[%clk 0:00:16]} Rxe1
{[%clk 0:00:17]} 33. Rxe1 {[%clk 0:00:17]} Ne5 {[%clk 0:00:17]} 34. h6+
{[%clk 0:00:18]} Kxh6 {[%clk 0:00:12]} 35. Qxf6 {[%clk 0:00:19]} Re8
{[%clk 0:00:04]} 36. Nf5+ {[%clk 0:00:20]} 1-0

[Event "Blitz 2018"]
[Site "Saint-Petersburg"]
[Date "2018.12.29"]
[Round "12"]
[Board "40"]
[White "Tissir Mohamed (MAR)"]
[Black "Roiz Michael (ISR)"]
[Result "1/2-1/2"]
[LiveChessVersion "1.4.8"]
[BlackElo "2617"]
[WhiteElo "2381"]

1. e4 {[%clk 0:03:02]} e5 {[%clk 0:03:01]} 2. Nf3 {[%clk 0:03:03]} Nc6
{[%clk 0:03:02]} 3. Bc4 {[%clk 0:03:04]} Bc5 {[%clk 0:03:03]} 4. c3
{[%clk 0:03:06]} Nf6 {[%clk 0:03:04]} 5. d3 {[%clk 0:03:07]} d6 {[%clk 0:03:04]}
6. Bb3 {[%clk 0:03:08]} h6 {[%clk 0:03:03]} 7. Nbd2 {[%clk 0:03:09]} a6
{[%clk 0:02:50]} 8. Nf1 {[%clk 0:03:09]} Be6 {[%clk 0:02:21]} 9. Ng3
{[%clk 0:03:10]} O-O {[%clk 0:02:04]} 10. O-O {[%clk 0:03:11]} d5
{[%clk 0:01:46]} 11. Qe2 {[%clk 0:03:12]} Re8 {[%clk 0:01:47]} 12. h3
{[%clk 0:03:12]} Qd7 {[%clk 0:01:47]} 13. Be3 {[%clk 0:02:37]} Bxe3
{[%clk 0:01:43]} 14. fxe3 {[%clk 0:02:36]} dxe4 {[%clk 0:01:39]} 15. dxe4
{[%clk 0:02:37]} Bxb3 16. axb3 {[%clk 0:02:38]} Rad8 {[%clk 0:01:29]} 17. Nh4
{[%clk 0:02:32]} Qe6 {[%clk 0:01:26]} 18. Nhf5 {[%clk 0:02:28]} Ne7
{[%clk 0:01:22]} 19. b4 {[%clk 0:02:29]} Nxf5 {[%clk 0:01:20]} 20. Rxf5
{[%clk 0:02:14]} Nxe4 {[%clk 0:01:15]} 21. Rf3 {[%clk 0:01:57]} Nxg3
{[%clk 0:01:14]} 22. Rxg3 {[%clk 0:01:58]} Rd6 {[%clk 0:01:14]} 23. Rf1
{[%clk 0:01:59]} Red8 {[%clk 0:01:15]} 24. Qh5 {[%clk 0:01:52]} R8d7
{[%clk 0:01:11]} 25. Rgf3 {[%clk 0:01:41]} Rd1 {[%clk 0:00:54]} 26. e4
{[%clk 0:01:17]} Rxf1+ {[%clk 0:00:53]} 27. Rxf1 {[%clk 0:01:18]} f6
{[%clk 0:00:49]} 28. Qg6 {[%clk 0:01:15]} Qf7 {[%clk 0:00:49]} 29. Qg4
{[%clk 0:01:16]} Rd8 {[%clk 0:00:49]} 30. Rd1 {[%clk 0:01:13]} Rxd1+
{[%clk 0:00:44]} 31. Qxd1 {[%clk 0:01:14]} c6 {[%clk 0:00:45]} 32. Qd6
{[%clk 0:01:12]} h5 {[%clk 0:00:43]} 33. Kh2 {[%clk 0:01:11]} Kh7
{[%clk 0:00:44]} 34. Qd1 {[%clk 0:01:11]} Kg6 {[%clk 0:00:41]} 35. Qd8
{[%clk 0:01:02]} Kh7 {[%clk 0:00:36]} 36. Qc8 {[%clk 0:01:02]} Qe7
{[%clk 0:00:29]} 37. Qf5+ {[%clk 0:00:58]} Kh6 {[%clk 0:00:26]} 38. Qc8
{[%clk 0:00:57]} Kh7 {[%clk 0:00:26]} 39. Qf5+ {[%clk 0:00:58]} g6
{[%clk 0:00:28]} 40. Qc8 {[%clk 0:00:59]} Kg7 {[%clk 0:00:29]} 41. Kg3
{[%clk 0:00:39]} Qf7 {[%clk 0:00:29]} 42. Kh2 {[%clk 0:00:39]} f5
{[%clk 0:00:26]} 43. exf5 gxf5 {[%clk 0:00:27]} 44. Qb8 {[%clk 0:00:31]} Qe7
{[%clk 0:00:24]} 45. Qc8 {[%clk 0:00:31]} f4 {[%clk 0:00:16]} 46. Qf5
{[%clk 0:00:30]} h4 {[%clk 0:00:16]} 47. Qg4+ {[%clk 0:00:29]} Kh6
{[%clk 0:00:17]} 48. Qf5 {[%clk 0:00:28]} Qg5 {[%clk 0:00:09]} 49. Qf8+
{[%clk 0:00:28]} Kg6 {[%clk 0:00:09]} 50. Qg8+ {[%clk 0:00:23]} Kf5
{[%clk 0:00:09]} 51. Qh7+ {[%clk 0:00:22]} Ke6 {[%clk 0:00:08]} 52. Qxb7
{[%clk 0:00:21]} Qg3+ {[%clk 0:00:09]} 53. Kh1 {[%clk 0:00:22]} Qe1+
{[%clk 0:00:06]} 54. Kh2 {[%clk 0:00:24]} Qg3+ 55. Kh1 1/2-1/2